Comets in the post-halley era (Record no. 10345)

MARC details
000 -LEADER
fixed length control field 01090nam a2200265Ia 4500
003 - CONTROL NUMBER IDENTIFIER
control field IN-BaIIA
008 - FIXED-LENGTH DATA ELEMENTS--GENERAL INFORMATION
fixed length control field 211028s9999 xx 000 0 eng d
020 ## - INTERNATIONAL STANDARD BOOK NUMBER
International Standard Book Number 0-7923-1164-7
040 ## - CATALOGING SOURCE
Transcribing agency IIA Library
080 ## - UNIVERSAL DECIMAL CLASSIFICATION NUMBER
Universal Decimal Classification number 52(082.1)
Item number ASS-167
111 ## - MAIN ENTRY--MEETING NAME
Meeting name or jurisdiction name as entry element Colloquium of the International Astronomical Union
Location of meeting Germany
Date of meeting or treaty signing 1989 Apr. 24-28
9 (RLIN) 17575
245 #0 - TITLE STATEMENT
Title Comets in the post-halley era
Remainder of title vol. 1, reviews presented at the 121st colloquium of the International Astronomical Union held in Bamberg, Germany, April 24-28, 1989
Statement of responsibility, etc. edited by R. L. Newburn, M. Neugebauer and Rahe J.
260 ## - PUBLICATION, DISTRIBUTION, ETC.
Place of publication, distribution, etc. Dordrecht
Name of publisher, distributor, etc. Kulwer Academic
Date of publication, distribution, etc. 1991
300 ## - PHYSICAL DESCRIPTION
Extent 2v. (xiv, 688p.)
490 ## - SERIES STATEMENT
Series statement Astrophysics and Space Science Library; v. 167
650 ## - SUBJECT ADDED ENTRY--TOPICAL TERM
Topical term or geographic name entry element Astronomy and Astrophysics Thesaurus
650 ## - SUBJECT ADDED ENTRY--TOPICAL TERM
Topical term or geographic name entry element Comet Halley
9 (RLIN) 4021
650 ## - SUBJECT ADDED ENTRY--TOPICAL TERM
Topical term or geographic name entry element Comets
9 (RLIN) 755
650 ## - SUBJECT ADDED ENTRY--TOPICAL TERM
Topical term or geographic name entry element Post-Halley
9 (RLIN) 17576
700 ## - ADDED ENTRY--PERSONAL NAME
Personal name Neugebauer, M., ed.
9 (RLIN) 17577
700 ## - ADDED ENTRY--PERSONAL NAME
Personal name Newburn, R. L., ed.
9 (RLIN) 17578
700 ## - ADDED ENTRY--PERSONAL NAME
Personal name Rahe, J., ed.
9 (RLIN) 10098
710 ## - ADDED ENTRY--CORPORATE NAME
Corporate name or jurisdiction name as entry element International Astronomical Union
942 ## - ADDED ENTRY ELEMENTS (KOHA)
Koha item type Books
Holdings
Withdrawn status Lost status Damaged status Not for loan Home library Current library Shelving location Date acquired Total Checkouts Full call number Barcode Date last seen Price effective from Koha item type
        IIA Library-Bangalore IIA Library-Bangalore General Stacks 24/04/1992   52(082.1)/ ASS-167 11255 05/11/2021 24/04/1992 Books

Powered by Koha